Представление документа в формате MARC21

Поле Инд. ПП Название Значение
Тип записи a
Библиографический уровень m
001 Контрольный номер cddafb616a6c469499d463d250de8802
005 Дата корректировки 20251222153300.2
008 Кодируемые данные 251217|||||||||ru |||||||||||||||||rus||
020 a ISBN 978-5-907905-52-8
041 0_ a Код языка текста rus
084 a Индекс другой классификации/Индекс ББК 95+74.480.278я43+32.97я43
090 a Полочн. индекс 95
x Авторский знак М 91
100 1_ a Автор Мурманский арктический университет
203 a Вид содержания Текст
c Тип средства электронный
245 10 a Заглавие СИнТЕЗ–2025
b Продолж. заглавия материалы региональной научно-практической конференции (Мурманск, 21−25 апреля 2025 г.) : сборник материалов
c Ответственность Министерство науки и высшего образования Российской Федерации, Федеральное государственное автономное образовательное учреждение высшего образования "Мурманский арктический университет" ; ответственный редактор А. А. Ляш
h Физич. носитель Электронный ресурс
250 a Основные сведения об издании Научное электронное издание
260 a Место издания Мурманск
b Издательство МАУ
c Дата издания 2025
300 a Объем 1 опт. компакт-диск (CD-ROM)
500 a Примечание Систем. требования: РС не ниже класса Pentiuum II 128 MbRAM ; Windows 9X–10 ; свободное место на HDD 131 Mb
500 a Примечание Загл. с титул. экрана
500 a Примечание Имеется электрон. аналог 2025 г.
520 0_ a Аннотация В сборник включены доклады участников региональной научно-прак-тической конференции "Системы. Технологии. Знания (СИнТЕЗ–2025)" (Мурманск, 21−25 апреля 2025 г.). Представленные материалы охватывают широкий спектр вопросов и могут быть полезны для студентов, аспирантов, преподавателей, научных работников и всех интересующихся проблемами устойчивого развития Арктической зоны Российской Федерации.
650 04 a Основная рубрика Информационные технологии-Материалы конференций
651 _4 a Географическое наименование Арктика
651 _4 a Географическое наименование Кольский Север
651 _4 a Географическое наименование Мурманская область
653 0_ a Ключевые слова Веб-сайты; Информационные технологии; Конференции Всероссийские; Материалы конференций; Мурманский арктический университет; Научная деятельность студентов; Труды преподавателей МАУ; Электронные ресурсы
700 12 a Другие авторы Ляш О. И.
e Роль лиц Редактор
700 12 a Другие авторы Левитес В. В.
e Роль лиц Редактор
700 12 a Другие авторы Кайченов А. В.
e Роль лиц Редактор
900 a Имя макрообъекта СИнТЕЗ–2025
901 t Тип документа m